[Event "Play for Durgesh Fundraiser Blitz"]
[Site "Vishy Anand Arena"]
[Date "2020.09.19"]
[Round "3"]
[White "Prasadm"]
[Black "Nihelesh"]
[Result "0-1"]
[WhiteElo "1512"]
[BlackElo "1875"]
[Annotator "NA"]
[PlyCount "68"]
[EventDate "2020.09.19"]
[EventType "swiss (blitz)"]

1. e4 e6 2. d4 d5 3. Nc3 Bb4 4. e5 c5 5. a3 Bxc3+ 6. bxc3 Ne7 7. Qg4 Qc7 8. Qxg7 Rg8 9. Qxh7 cxd4 10. Qd3 dxc3 11. Ne2 Nbc6 12. Qxc3 Qxe5 13. Qxe5 Nxe5 14. Bf4 N7g6 15. Bxe5 Nxe5 16. Nd4 Bd7 17. Bb5 Rc8 18. O-O a6 19. Bxd7+ Kxd7 20. Rab1 Rc7 21. Rb2 Nc4 22. Rb4 Nxa3 23. Rb3 Nc4 24. Nf3 f6 25. Rfb1 b6 26. Ra1 a5 27. Nd4 Rc5 28. Nb5 Nd2 29. Rb2 Rgc8 30. Nd4 Nc4 31. Rb3 e5 32. Nf5 Ke6 33. Ng7+ Kf7 34. Nf5 R8c6 0-1

[Event "Play for Durgesh Fundraiser Blitz"]
[Site "Vishy Anand Arena"]
[Date "2020.09.19"]
[Round "3"]
[White "Sarvad64squares"]
[Black "Sans360"]
[Result "1-0"]
[WhiteElo "1512"]
[BlackElo "1421"]
[Annotator "NA"]
[PlyCount "85"]
[EventDate "2020.09.19"]
[EventType "swiss (blitz)"]

1. e4 c5 2. Nf3 e6 3. d4 cxd4 4. Nxd4 a6 5. Nc3 Qc7 6. Be3 Nf6 7. Be2 b6 8. O-O Bb7 9. Bf3 Nc6 10. Qd2 d6 11. Rad1 Ne5 12. Qe2 d5 13. exd5 Nxd5 14. Nxd5 Bxd5 15. Bxd5 exd5 16. Bf4 Bd6 17. Bxe5 Bxe5 18. f4 Qc5 19. Qxe5+ Kf8 20. Kh1 Re8 21. Nb3 Qxc2 22. Qd6+ Kg8 23. Rde1 Rxe1 24. Rxe1 h6 25. Qxd5 Qxb2 26. Re8+ Kh7 27. Qf5+ g6 28. Qxf7+ Qg7 29. Qxg7+ Kxg7 30. Rxh8 Kxh8 31. Kg1 Kg7 32. Kf2 Kf7 33. Ke3 Ke6 34. Ke4 b5 35. Nc5+ Kd6 36. Nxa6 Kc6 37. a3 Kb6 38. Nb4 Ka5 39. Nc2 Ka4 40. Kd3 Kb3 41. g4 Ka4 42. f5 gxf5 43. gxf5 1-0

[Event "Play for Durgesh Fundraiser Blitz"]
[Site "Vishy Anand Arena"]
[Date "2020.09.19"]
[Round "3"]
[White "Ameethh"]
[Black "Prashanth_k01"]
[Result "0-1"]
[WhiteElo "1510"]
[BlackElo "1378"]
[Annotator "NA"]
[PlyCount "32"]
[EventDate "2020.09.19"]
[EventType "swiss (blitz)"]

1. d4 d5 2. c4 e6 3. Nf3 Nf6 4. Bg5 Be7 5. e3 c6 6. Nc3 Nbd7 7. Bd3 O-O 8. O-O dxc4 9. Bxc4 Nd5 10. Bxe7 Qxe7 11. Qc2 Nxc3 12. bxc3 e5 13. Rfe1 e4 14. d5 cxd5 15. Bxd5 Nf6 16. Bc4 exf3 0-1

[Event "Play for Durgesh Fundraiser Blitz"]
[Site "Vishy Anand Arena"]
[Date "2020.09.19"]
[Round "3"]
[White "Aryam_2006"]
[Black "Adt1999"]
[Result "1-0"]
[WhiteElo "1503"]
[BlackElo "1488"]
[Annotator "NA"]
[PlyCount "55"]
[EventDate "2020.09.19"]
[EventType "swiss (blitz)"]

1. e4 c5 2. Nf3 d6 3. Bb5+ Nc6 4. d4 cxd4 5. Qxd4 a6 6. Bxc6+ bxc6 7. c4 e5 8. Qd3 Nf6 9. Nc3 Be7 10. b3 Be6 11. Bb2 O-O 12. O-O d5 13. Nxe5 Qc7 14. Nf3 Ng4 15. h3 dxe4 16. Qxe4 Nf6 17. Qe5 Bd6 18. Qe2 Rfe8 19. Qc2 Qd7 20. Rad1 Rad8 21. c5 Bxh3 22. Rxd6 Qg4 23. Nh4 g5 24. f3 Qxh4 25. Rxf6 Re1 26. Rxe1 Qxe1+ 27. Kh2 Qh4 28. gxh3 1-0

[Event "Play for Durgesh Fundraiser Blitz"]
[Site "Vishy Anand Arena"]
[Date "2020.09.19"]
[Round "3"]
[White "Deer25"]
[Black "nachikethv"]
[Result "0-1"]
[WhiteElo "1495"]
[BlackElo "1620"]
[Annotator "NA"]
[PlyCount "58"]
[EventDate "2020.09.19"]
[EventType "swiss (blitz)"]

1. e4 e6 2. d4 d5 3. Nc3 Bb4 4. e5 c5 5. a3 Bxc3+ 6. bxc3 Qc7 7. Qg4 Ne7 8. Qxg7 Rg8 9. Qxh7 cxd4 10. Ne2 dxc3 11. f4 Nbc6 12. Qd3 Bd7 13. Rg1 O-O-O 14. Nxc3 a6 15. Be3 Be8 16. Rb1 d4 17. Qc4 dxe3 18. Na4 Qa5+ 19. Nc3 Rd4 20. Qb3 Nd5 21. Qxb7+ Kd8 22. Qa8+ Ke7 23. Rb7+ Kf8 24. Ke2 Qxc3 25. Kf3 e2+ 26. Kxe2 Nxf4+ 27. Kf2 Rd2+ 28. Ke1 Qe3+ 29. Be2 Qxe2# 0-1

[Event "Play for Durgesh Fundraiser Blitz"]
[Site "Vishy Anand Arena"]
[Date "2020.09.19"]
[Round "3"]
[White "Sparsh gupta"]
[Black "Sathvik_adiga11"]
[Result "1/2-1/2"]
[WhiteElo "1492"]
[BlackElo "1751"]
[Annotator "NA"]
[PlyCount "155"]
[EventDate "2020.09.19"]
[EventType "swiss (blitz)"]

1. e4 e5 2. Nf3 Nc6 3. Bb5 a6 4. Ba4 Nf6 5. O-O Be7 6. Re1 b5 7. Bb3 O-O 8. h3 d6 9. c3 Nb8 10. d4 Nbd7 11. Nbd2 Bb7 12. Bc2 Re8 13. Nf1 Bf8 14. Ng3 g6 15. a4 c5 16. d5 c4 17. Bg5 Bg7 18. Qd2 Bf8 19. Bh6 Be7 20. Ra3 Qc7 21. Rea1 Nc5 22. Qc1 Reb8 23. axb5 axb5 24. Rxa8 Rxa8 25. Rxa8+ Bxa8 26. Qa1 Qb7 27. Qa5 Nfd7 28. Bg5 f6 29. Bh6 Qb8 30. Nd2 Bd8 31. Qa2 Bb7 32. Be3 Bb6 33. Bxc5 Bxc5 34. Ne2 Bb6 35. Kf1 Qa7 36. Qxa7 Bxa7 37. f4 Nc5 38. fxe5 fxe5 39. Nf3 h6 40. Nc1 Bb6 41. Ne2 Ba5 42. Nc1 b4 43. cxb4 Bxb4 44. Ke2 Ba6 45. Ke3 c3 46. bxc3 Bxc3 47. Nd3 Nxd3 48. Bxd3 Bb7 49. Nd2 Kf7 50. Nf3 Ke7 51. h4 Kf6 52. g4 Bc8 53. g5+ hxg5 54. hxg5+ Ke7 55. Bb5 Kf7 56. Bc6 Bb2 57. Bb5 Bg4 58. Bd3 Bc1+ 59. Ke2 Bc8 60. Kf2 Bg4 61. Kg3 Bxf3 62. Kxf3 Bxg5 63. Kg4 Kf6 64. Bc4 Bh6 65. Bb5 Bf8 66. Bc6 Be7 67. Ba8 Bd8 68. Bc6 Bb6 69. Ba8 Bc5 70. Bc6 Bb4 71. Bb7 Bc3 72. Bc6 Bd4 73. Bb7 Bc5 74. Bc6 Bb4 75. Bb7 Bc3 76. Bc6 Bd4 77. Bb7 Bc5 78. Bc6 1/2-1/2

[Event "Play for Durgesh Fundraiser Blitz"]
[Site "Vishy Anand Arena"]
[Date "2020.09.19"]
[Round "3"]
[White "Mraa"]
[Black "KaranAbbi"]
[Result "0-1"]
[WhiteElo "1491"]
[BlackElo "1620"]
[Annotator "NA"]
[PlyCount "48"]
[EventDate "2020.09.19"]
[EventType "swiss (blitz)"]

1. e4 g6 2. d4 d6 3. Nf3 Bg7 4. Be3 Nf6 5. h3 Nxe4 6. Nbd2 Nxd2 7. Qxd2 O-O 8. O-O-O Be6 9. Kb1 Nd7 10. g4 Bd5 11. Bg2 Nb6 12. Qe1 a5 13. Rg1 Qd7 14. Nh4 a4 15. Nf5 gxf5 16. gxf5 Kh8 17. Bxd5 Nxd5 18. Bc1 a3 19. b3 Bf6 20. Bg5 Rg8 21. Bxf6+ exf6 22. Qe4 Nc3+ 23. Ka1 Rxg1 24. Rxg1 Nxe4 0-1

[Event "Play for Durgesh Fundraiser Blitz"]
[Site "Vishy Anand Arena"]
[Date "2020.09.19"]
[Round "3"]
[White "Abracadabra"]
[Black "AdeepKumar"]
[Result "1-0"]
[WhiteElo "1487"]
[BlackElo "1374"]
[Annotator "NA"]
[PlyCount "51"]
[EventDate "2020.09.19"]
[EventType "swiss (blitz)"]

1. e4 e5 2. Nf3 Nc6 3. Bc4 Nf6 4. d3 d6 5. c3 Be6 6. Bb3 Be7 7. O-O O-O 8. Nbd2 Ng4 9. h3 Nh6 10. d4 a5 11. d5 Bxd5 12. exd5 Nb8 13. Re1 Bf6 14. Nf1 Ra6 15. Ng3 Qd7 16. Nh5 Be7 17. Bc2 Qb5 18. Bd3 Qb6 19. Bxa6 Qxa6 20. Nh2 Nf5 21. Qg4 g6 22. f4 Qd3 23. fxe5 Nd7 24. exd6 cxd6 25. Nf4 Nc5 26. Nxd3 1-0

[Event "Play for Durgesh Fundraiser Blitz"]
[Site "Vishy Anand Arena"]
[Date "2020.09.19"]
[Round "3"]
[White "kaukik"]
[Black "Hemanthagowda23"]
[Result "1-0"]
[WhiteElo "1487"]
[BlackElo "1620"]
[Annotator "NA"]
[PlyCount "77"]
[EventDate "2020.09.19"]
[EventType "swiss (blitz)"]

1. d4 d5 2. Nf3 Nc6 3. c4 e6 4. Nc3 Nf6 5. g3 Bb4 6. Bg2 Bxc3+ 7. bxc3 dxc4 8. O-O O-O 9. Nd2 Bd7 10. Nxc4 h6 11. e4 Nh7 12. f4 f5 13. Qb3 fxe4 14. Bxe4 Rb8 15. Ba3 Rf7 16. Ne5 Nxe5 17. fxe5 Rxf1+ 18. Rxf1 Qg5 19. Bc1 Qg4 20. Bf3 Qg6 21. c4 a6 22. d5 exd5 23. cxd5 c6 24. e6 Be8 25. d6 c5 26. d7 Bxd7 27. exd7+ Kh8 28. Qd5 Qb6 29. Be3 Nf6 30. Qf7 Qb4 31. Kg2 Qb2+ 32. Rf2 Qe5 33. Bf4 Qc3 34. Bxb8 Kh7 35. Be4+ Nxe4 36. Qf5+ g6 37. Qxe4 Qh8 38. d8=Q Qxd8 39. Rf7+ 1-0

[Event "Play for Durgesh Fundraiser Blitz"]
[Site "Vishy Anand Arena"]
[Date "2020.09.19"]
[Round "3"]
[White "Deborajbiswas"]
[Black "Namansati"]
[Result "0-1"]
[WhiteElo "1486"]
[BlackElo "1558"]
[Annotator "NA"]
[PlyCount "78"]
[EventDate "2020.09.19"]
[EventType "swiss (blitz)"]

1. d4 d5 2. Nf3 Nc6 3. e3 Bg4 4. b3 e5 5. Bb2 e4 6. Be2 exf3 7. Bxf3 Bf5 8. Nc3 Nb4 9. Rc1 Nf6 10. a3 Nc6 11. O-O Be7 12. Re1 Ne4 13. Nxe4 Bxe4 14. Bxe4 dxe4 15. d5 Nb8 16. Bxg7 Rg8 17. Bb2 Nd7 18. Qd4 Nc5 19. b4 Na4 20. Ba1 Rg6 21. Qxe4 Qd7 22. c4 O-O-O 23. Kh1 Rdg8 24. g3 h5 25. Red1 h4 26. c5 hxg3 27. fxg3 Rxg3 28. hxg3 Qh3+ 29. Kg1 Rxg3+ 30. Kf2 Qh2+ 31. Ke1 Rg2 32. Qxg2 Qxg2 33. d6 Qg1+ 34. Kd2 Qg2+ 35. Kd3 Qd5+ 36. Ke2 Qa2+ 37. Ke1 Qxa1 38. Rxa1 Nb2 39. dxe7 Nd3+ 0-1

[Event "Play for Durgesh Fundraiser Blitz"]
[Site "Vishy Anand Arena"]
[Date "2020.09.19"]
[Round "3"]
[White "Warriorniko"]
[Black "ArunaD"]
[Result "0-1"]
[WhiteElo "1471"]
[BlackElo "1592"]
[Annotator "NA"]
[PlyCount "92"]
[EventDate "2020.09.19"]
[EventType "swiss (blitz)"]

1. d4 d5 2. c4 e5 3. dxe5 d4 4. e3 Bb4+ 5. Bd2 dxe3 6. fxe3 Qh4+ 7. g3 Qe4 8. Nf3 Qxe3+ 9. Qe2 Qxe2+ 10. Bxe2 Nc6 11. Bxb4 Nxb4 12. Nc3 Nc2+ 13. Kf2 Nxa1 14. Rxa1 Be6 15. Nd5 O-O-O 16. Ng5 Nh6 17. h3 Bxd5 18. cxd5 Rxd5 19. Bg4+ Nxg4+ 20. hxg4 Rxe5 21. Nxf7 Rf8 22. Kg2 Rxf7 23. Rd1 Re2+ 24. Kh3 Rff2 25. Kh4 h6 26. Kh5 Rxb2 27. Kg6 Rxa2 28. Kxg7 Rad2 29. Kxh6 Rxd1 30. g5 Rd6+ 31. g6 Rff6 32. Kh5 Rxg6 33. g4 Kd7 34. g5 Ke7 35. Kg4 Rd5 36. Kf4 Rdxg5 37. Ke4 Rf6 38. Kd4 Rg1 39. Ke4 Re1+ 40. Kd3 Rd6+ 41. Kc2 Re5 42. Kc3 Rc5+ 43. Kb4 Rdc6 44. Kb3 Rb6+ 45. Ka4 Rcb5 46. Ka3 Ra5# 0-1

[Event "Play for Durgesh Fundraiser Blitz"]
[Site "Vishy Anand Arena"]
[Date "2020.09.19"]
[Round "3"]
[White "Rohan sri hari"]
[Black "Alan K thomas"]
[Result "1-0"]
[WhiteElo "1470"]
[BlackElo "1543"]
[Annotator "NA"]
[PlyCount "47"]
[EventDate "2020.09.19"]
[EventType "swiss (blitz)"]

1. e4 c6 2. d4 d5 3. e5 Bf5 4. c4 e6 5. Nc3 Bb4 6. Nf3 Qa5 7. Bd2 Nd7 8. a3 Bxc3 9. Bxc3 Qc7 10. Rc1 Ne7 11. Bb4 Ng6 12. g3 a5 13. Bd6 Qb6 14. Qd2 dxc4 15. Bxc4 Ne7 16. b3 Be4 17. Qg5 f6 18. Qg4 f5 19. Qg5 O-O-O 20. Bxe7 Bxf3 21. Bxd8 Qxd4 22. Rg1 Qe4+ 23. Qe3 Qxe3+ 24. fxe3 1-0

[Event "Play for Durgesh Fundraiser Blitz"]
[Site "Vishy Anand Arena"]
[Date "2020.09.19"]
[Round "3"]
[White "Spoorthikiran"]
[Black "Strangebhaina"]
[Result "0-1"]
[WhiteElo "1459"]
[BlackElo "1357"]
[Annotator "NA"]
[PlyCount "62"]
[EventDate "2020.09.19"]
[EventType "swiss (blitz)"]

1. d4 Nf6 2. Nf3 g6 3. e3 Bg7 4. Bd3 O-O 5. O-O d6 6. Nbd2 Nbd7 7. c4 e5 8. dxe5 dxe5 9. Re1 Re8 10. e4 b6 11. b4 c5 12. bxc5 bxc5 13. Rb1 Ba6 14. Bb2 Ng4 15. Bc3 f5 16. exf5 gxf5 17. Bxf5 Ngf6 18. Bxd7 Nxd7 19. Qc2 Bb7 20. Rxb7 e4 21. Nxe4 Bxc3 22. Qxc3 Rf8 23. Rd1 Qc8 24. Rbb1 Nb6 25. Nfg5 Qc7 26. Nf6+ Rxf6 27. Qxf6 Rf8 28. Qc3 Nc8 29. Ne6 Qe7 30. Nxf8 Qxf8 31. Qg3+ Qg7 0-1

[Event "Play for Durgesh Fundraiser Blitz"]
[Site "Vishy Anand Arena"]
[Date "2020.09.19"]
[Round "3"]
[White "Arjuncnilambur"]
[Black "RAGHAVS245"]
[Result "1-0"]
[WhiteElo "1452"]
[BlackElo "1620"]
[Annotator "NA"]
[PlyCount "97"]
[EventDate "2020.09.19"]
[EventType "swiss (blitz)"]

1. e4 d5 2. exd5 Qxd5 3. d4 Nc6 4. Nc3 Qxd4 5. Qxd4 Nxd4 6. Bd3 g6 7. Nd5 Kd7 8. Bf4 e6 9. Nxc7 Bd6 10. Bxd6 Rb8 11. Nxe6 Kxd6 12. Nf4 g5 13. Nfe2 Nxe2 14. Nxe2 Bg4 15. O-O Re8 16. f3 Be6 17. Rad1 Ke7 18. b3 Kf6 19. Be4 Bf5 20. Ng3 Bxe4 21. Nxe4+ Kf5 22. Nd6+ Ke6 23. Nxe8 Ke7 24. Rfe1+ Kf8 25. Nc7 Nh6 26. Rd8+ Kg7 27. Rxh8 Kxh8 28. Re8+ Kg7 29. Re7 Kf6 30. Rd7 Ng8 31. Rd1 Ne7 32. Nd5+ Nxd5 33. Rxd5 Ke6 34. c4 a6 35. Kf2 b5 36. Ke3 bxc4 37. bxc4 f6 38. f4 gxf4+ 39. Kxf4 f5 40. Rxf5 Kd6 41. Re5 Kc6 42. Rd5 Kb6 43. Ke5 a5 44. Kd6 h6 45. c5+ Ka6 46. Kc6 Ka7 47. Kb5 a4 48. c6 Ka8 49. Kb6 1-0

[Event "Play for Durgesh Fundraiser Blitz"]
[Site "Vishy Anand Arena"]
[Date "2020.09.19"]
[Round "3"]
[White "Geethanjali2"]
[Black "AmoghB"]
[Result "0-1"]
[WhiteElo "1449"]
[BlackElo "1370"]
[Annotator "NA"]
[PlyCount "70"]
[EventDate "2020.09.19"]
[EventType "swiss (blitz)"]

1. e4 e6 2. d4 d5 3. e5 c5 4. Nf3 Nc6 5. c4 cxd4 6. cxd5 Qxd5 7. Bf4 Qe4+ 8. Be2 Qxf4 9. O-O Bb4 10. a3 Ba5 11. b4 Bb6 12. Nbd2 Nge7 13. Nc4 O-O 14. Nd6 Nxe5 15. Nxe5 Qxe5 16. Nc4 Qc7 17. Rc1 Nc6 18. Bf3 Bd7 19. b5 Ne7 20. a4 Qd8 21. Bxb7 Rb8 22. Ba6 Nd5 23. a5 Bxa5 24. Nxa5 Qxa5 25. Qxd4 Bxb5 26. Ra1 Qb6 27. Qxb6 Rxb6 28. Bxb5 Rxb5 29. Rxa7 Rbb8 30. Rd1 Ra8 31. Rb7 Rfb8 32. Rd7 Nc3 33. R1d3 Ra1+ 34. Rd1 Rxd1+ 35. Rxd1 Nxd1 0-1

[Event "Play for Durgesh Fundraiser Blitz"]
[Site "Vishy Anand Arena"]
[Date "2020.09.19"]
[Round "3"]
[White "Danish2009"]
[Black "Asa0285"]
[Result "1-0"]
[WhiteElo "1439"]
[BlackElo "1365"]
[Annotator "NA"]
[PlyCount "87"]
[EventDate "2020.09.19"]
[EventType "swiss (blitz)"]

1. e4 c5 2. Nf3 Nc6 3. d4 cxd4 4. Nxd4 g6 5. Nxc6 bxc6 6. Nc3 Bg7 7. Bd2 d6 8. Bd3 Nf6 9. O-O O-O 10. Re1 Nd7 11. h3 c5 12. b3 Bb7 13. Rb1 Ne5 14. Be2 Nc6 15. Bf3 Nd4 16. Ne2 Nxf3+ 17. gxf3 Qd7 18. Kg2 Qe6 19. Ng3 h5 20. Qc1 Kh7 21. Ne2 Rg8 22. Nf4 Qf6 23. Qd1 Qg5+ 24. Kh2 Be5 25. Qc1 Qh4 26. Kg2 Qg5+ 27. Kh1 Qh4 28. b4 Qxf2 29. Qd1 Qg3 30. bxc5 Bxf4 31. Bxf4 Qxf4 32. Rxb7 dxc5 33. Rxe7 Rad8 34. Qe2 Rd2 35. Rxf7+ Qxf7 36. Qxd2 Qxf3+ 37. Qg2 Qxg2+ 38. Kxg2 Rb8 39. e5 Rb2 40. Re2 Kg7 41. e6 Kf8 42. e7+ Ke8 43. Kg3 a5 44. Kh4 1-0

[Event "Play for Durgesh Fundraiser Blitz"]
[Site "Vishy Anand Arena"]
[Date "2020.09.19"]
[Round "3"]
[White "pranay20"]
[Black "VK2003"]
[Result "0-1"]
[WhiteElo "1436"]
[BlackElo "1620"]
[Annotator "NA"]
[PlyCount "68"]
[EventDate "2020.09.19"]
[EventType "swiss (blitz)"]

1. e4 e5 2. Nf3 Nc6 3. Bb5 a6 4. Ba4 Nf6 5. O-O b5 6. Bb3 Bc5 7. c3 d6 8. d4 Bb6 9. Re1 O-O 10. a4 Bg4 11. h3 Bxf3 12. gxf3 exd4 13. cxd4 Nxd4 14. Nc3 b4 15. Nd5 Nxd5 16. Bxd5 c6 17. Bc4 Qh4 18. Be3 d5 19. Bf1 Qf6 20. a5 Nxf3+ 21. Kg2 Nxe1+ 22. Qxe1 Bxe3 23. Qxe3 dxe4 24. Bc4 Qe5 25. h4 Qf5 26. Rh1 Qf3+ 27. Qxf3 exf3+ 28. Kxf3 Rad8 29. h5 h6 30. Bxf7+ Rxf7+ 31. Kg2 Rdf8 32. Rc1 Rf5 33. Kg3 Rf3+ 34. Kg4 R8f4# 0-1

[Event "Play for Durgesh Fundraiser Blitz"]
[Site "Vishy Anand Arena"]
[Date "2020.09.19"]
[Round "3"]
[White "Sonia19861"]
[Black "Tejesh Reddy"]
[Result "1-0"]
[WhiteElo "1434"]
[BlackElo "1620"]
[Annotator "NA"]
[PlyCount "45"]
[EventDate "2020.09.19"]
[EventType "swiss (blitz)"]

1. d4 e5 2. dxe5 f6 3. Nc3 fxe5 4. e4 Qf6 5. Nf3 Qd8 6. Nd5 Nc6 7. Bg5 Nf6 8. Bb5 a6 9. Bxc6 bxc6 10. Nxf6+ gxf6 11. Bh4 Bb4+ 12. c3 Bd6 13. Nd2 O-O 14. Qg4+ Kh8 15. O-O-O Bc5 16. Qf3 d6 17. Nb3 Rb8 18. Nxc5 dxc5 19. Rxd8 Rxd8 20. Qxf6+ Kg8 21. Qxd8+ Kf7 22. Qf6+ Ke8 23. Qe7# 1-0

[Event "Play for Durgesh Fundraiser Blitz"]
[Site "Vishy Anand Arena"]
[Date "2020.09.19"]
[Round "3"]
[White "Vaishnavi0309"]
[Black "Khs95"]
[Result "0-1"]
[WhiteElo "1430"]
[BlackElo "1620"]
[Annotator "NA"]
[PlyCount "72"]
[EventDate "2020.09.19"]
[EventType "swiss (blitz)"]

1. e4 e6 2. d4 b6 3. c4 Bb7 4. Nc3 c5 5. dxc5 Bxc5 6. Nf3 Nf6 7. Bd3 h6 8. O-O Nc6 9. h3 a6 10. Re1 Qc7 11. Be3 Bxe3 12. Rxe3 Ne5 13. Nxe5 Qxe5 14. Qf3 O-O 15. Qg3 Qxg3 16. Rxg3 Rac8 17. Re1 Nh5 18. Rf3 f5 19. Rfe3 f4 20. Rf3 g5 21. Ne2 b5 22. cxb5 axb5 23. Bxb5 Bxe4 24. Rb3 d5 25. Nc3 Bf5 26. Bd7 Rc7 27. Bxe6+ Bxe6 28. Rxe6 d4 29. Ne4 Kg7 30. Rd6 Re8 31. Nd2 Re1+ 32. Kh2 Re2 33. Nf3 Rxf2 34. Rxd4 Ng3 35. Rb6 Rf1 36. Rdd6 Rh1# 0-1

[Event "Play for Durgesh Fundraiser Blitz"]
[Site "Vishy Anand Arena"]
[Date "2020.09.19"]
[Round "3"]
[White "Tanishagr"]
[Black "Shreyansh1"]
[Result "1-0"]
[WhiteElo "1423"]
[BlackElo "1525"]
[Annotator "NA"]
[PlyCount "75"]
[EventDate "2020.09.19"]
[EventType "swiss (blitz)"]

1. e4 e5 2. Nf3 Nc6 3. Nc3 Nf6 4. Bc4 Bc5 5. Ng5 O-O 6. Nxf7 Rxf7 7. Bxf7+ Kxf7 8. O-O Kg8 9. Qe2 d5 10. exd5 Qxd5 11. Nxd5 Nxd5 12. Qc4 Bxf2+ 13. Rxf2 Be6 14. Qh4 Nf4 15. g3 Ng6 16. Qe4 Rd8 17. d3 Bd5 18. Qf5 Nd4 19. Qg5 Rf8 20. Rxf8+ Nxf8 21. Qd8 Nf3+ 22. Kf2 Bc6 23. Be3 h6 24. Rd1 Kh7 25. Qxf8 e4 26. dxe4 Bxe4 27. Rd7 Kg6 28. Qxg7+ Kf5 29. Qg4+ Ke5 30. Bf4+ Kf6 31. Qg7+ Ke6 32. Qe7+ Kf5 33. g4+ Kxg4 34. Qxe4 Ng5 35. h3+ Kh5 36. Qh7 Ne4+ 37. Kf3 Kh4 38. Qxh6# 1-0

[Event "Play for Durgesh Fundraiser Blitz"]
[Site "Vishy Anand Arena"]
[Date "2020.09.19"]
[Round "3"]
[White "Chnivas"]
[Black "Naga jaswanth"]
[Result "1-0"]
[WhiteElo "1413"]
[BlackElo "1620"]
[Annotator "NA"]
[PlyCount "105"]
[EventDate "2020.09.19"]
[EventType "swiss (blitz)"]

1. e4 e5 2. Nf3 Nc6 3. Bb5 Nf6 4. d3 d6 5. c3 Bd7 6. O-O Be7 7. Re1 O-O 8. Be3 a6 9. Ba4 b5 10. Bb3 Be6 11. Bc2 d5 12. h3 dxe4 13. dxe4 Qxd1 14. Rxd1 b4 15. Ba4 bxc3 16. Nxc3 Nb4 17. a3 Nc2 18. Bxc2 Rab8 19. b4 a5 20. b5 Bc4 21. a4 Bb4 22. Nd5 Bxd5 23. exd5 Bc3 24. Rab1 Rbd8 25. Nxe5 Bxe5 26. Bg5 Rxd5 27. Bxf6 Rxd1+ 28. Rxd1 Bxf6 29. Rd7 Rc8 30. Bb3 Rd8 31. Rxd8+ Bxd8 32. Kf1 Kf8 33. Ke2 Ke8 34. g4 Bh4 35. f4 f6 36. Kd3 g5 37. Ke4 gxf4 38. Kxf4 Ke7 39. Kf5 Bg5 40. Bd5 Bh4 41. Bc6 Bg5 42. Ke4 h6 43. Kd5 Bh4 44. Ba8 f5 45. gxf5 Kf6 46. Ke4 Bg5 47. Bc6 Bh4 48. Bd7 Bg3 49. Kd5 Bf2 50. Kc6 Kg5 51. Kxc7 Kf4 52. f6 Kg3 53. f7 1-0

[Event "Play for Durgesh Fundraiser Blitz"]
[Site "Vishy Anand Arena"]
[Date "2020.09.19"]
[Round "3"]
[White "Rockboss"]
[Black "VugarAsadli"]
[Result "0-1"]
[WhiteElo "1397"]
[BlackElo "2245"]
[PlyCount "50"]
[EventDate "2020.09.19"]
[EventType "swiss (blitz)"]

1. e4 g6 2. d4 Bg7 3. c3 d6 4. Nf3 Nf6 5. Bg5 Nxe4 6. Be3 O-O 7. Bd3 Nf6 8. O-O Nbd7 9. Re1 e5 10. dxe5 dxe5 11. Bg5 Re8 12. Nbd2 h6 13. Bxf6 Bxf6 14. Ne4 Bg7 15. Nh4 Qxh4 16. g3 Qe7 17. Qc2 Nc5 18. Nxc5 Qxc5 19. Bxg6 fxg6 20. Qxg6 Be6 21. b4 Qf8 22. Rxe5 Qf6 23. Qxf6 Bxf6 24. Rh5 Kg7 25. Ra5 a6 0-1

[Event "Play for Durgesh Fundraiser Blitz"]
[Site "Vishy Anand Arena"]
[Date "2020.09.19"]
[Round "3"]
[White "Kakashi Hatake"]
[Black "Saksham2103"]
[Result "1-0"]
[WhiteElo "1394"]
[BlackElo "1638"]
[Annotator "NA"]
[PlyCount "135"]
[EventDate "2020.09.19"]
[EventType "swiss (blitz)"]

1. e4 c5 2. Bc4 Nc6 3. Nf3 e6 4. O-O d5 5. exd5 exd5 6. Re1+ Be7 7. Bb5 Nf6 8. Ne5 Bd7 9. Nxd7 Qxd7 10. Qe2 a6 11. Bxc6 bxc6 12. Nc3 Ra7 13. d3 O-O 14. Bf4 Re8 15. Qf3 Raa8 16. Re2 Bd6 17. Rae1 Rxe2 18. Rxe2 Bxf4 19. Qxf4 Re8 20. Qf3 h6 21. Na4 Rxe2 22. Qxe2 Qb7 23. b3 Qb4 24. h3 Qa3 25. c4 Qc1+ 26. Kh2 Qf4+ 27. g3 Qd4 28. Qe3 Qxe3 29. fxe3 Nd7 30. Kg2 Kf8 31. Kf3 Ke7 32. Nc3 Kd6 33. Kf4 g6 34. g4 Nf6 35. Na4 Nd7 36. h4 Ke6 37. g5 h5 38. e4 dxe4 39. Kxe4 Kd6 40. Nc3 Nb6 41. Ne2 a5 42. d4 a4 43. dxc5+ Kxc5 44. bxa4 Nxa4 45. Kd3 Nb2+ 46. Kc3 Nxc4 47. Kc2 Nd6 48. Nc3 Ne4 49. Nxe4+ Kd4 50. Nf6 Ke5 51. Ne8 Kf5 52. Nc7 Kg4 53. a4 Kxh4 54. a5 Kxg5 55. a6 h4 56. a7 h3 57. a8=Q h2 58. Qxc6 h1=Q 59. Qxh1 Kf6 60. Qg2 Kg7 61. Nd5 f5 62. Qf2 Kf7 63. Qf4 Ke6 64. Qg5 Kxd5 65. Qxg6 Ke4 66. Qf7 f4 67. Kd1 Ke3 68. Ke1 1-0

[Event "Play for Durgesh Fundraiser Blitz"]
[Site "Vishy Anand Arena"]
[Date "2020.09.19"]
[Round "3"]
[White "Saharshkuna"]
[Black "HarshPandit"]
[Result "0-1"]
[WhiteElo "1394"]
[BlackElo "1600"]
[Annotator "NA"]
[PlyCount "94"]
[EventDate "2020.09.19"]
[EventType "swiss (blitz)"]

1. e4 e5 2. Nf3 Nc6 3. Bc4 Bc5 4. d3 Nf6 5. O-O O-O 6. Nc3 h6 7. Be3 Bb6 8. Qe2 d6 9. h3 Be6 10. Rad1 Qd7 11. Bb3 Na5 12. Na4 Nxb3 13. Nxb6 axb6 14. axb3 Qb5 15. b4 Qxb4 16. Ra1 Qxb2 17. Rxa8 Rxa8 18. d4 Nxe4 19. dxe5 dxe5 20. Bc1 Qb4 21. Nxe5 Nc3 22. Qd3 Ra5 23. Qg3 Ne2+ 24. Kh1 Nxg3+ 25. fxg3 Qc3 26. Nd7 Bxd7 27. Rf3 Qxc2 28. Be3 Ra1+ 29. Kh2 Ra2 30. Rf2 Qxf2 31. Bxf2 Rxf2 32. g4 b5 33. Kg3 Rd2 34. Kf3 b4 35. Ke3 Rxg2 36. Kd3 b3 37. Kc3 b2 38. Kd3 b1=Q+ 39. Ke3 Rg3+ 40. Ke2 Qd3+ 41. Ke1 Rg1+ 42. Kf2 Qg3+ 43. Ke2 Re1+ 44. Kd2 Qe3+ 45. Kc2 Rc1+ 46. Kb2 Qc3+ 47. Ka2 Ra1# 0-1

[Event "Play for Durgesh Fundraiser Blitz"]
[Site "Vishy Anand Arena"]
[Date "2020.09.19"]
[Round "3"]
[White "bhaveshvyas_01"]
[Black "Queenbee1"]
[Result "1-0"]
[WhiteElo "1383"]
[BlackElo "931"]
[Annotator "NA"]
[PlyCount "67"]
[EventDate "2020.09.19"]
[EventType "swiss (blitz)"]

1. d4 d5 2. Bf4 Nc6 3. Nf3 Bf5 4. c3 Nf6 5. Nbd2 e6 6. e3 a6 7. Be2 Bd6 8. Bg3 Kf8 9. O-O Ke7 10. Nb3 Re8 11. Nc5 Kf8 12. Nxb7 Qe7 13. Nxd6 cxd6 14. Bd3 Bg6 15. Bxg6 hxg6 16. Bf4 Nh5 17. Bg5 Qd7 18. Bh4 f6 19. Nd2 g5 20. Qxh5 gxh4 21. Qxh4 Qe7 22. Nf3 e5 23. dxe5 fxe5 24. Qg3 Rab8 25. Ng5 Qf6 26. Nh7+ Kf7 27. Nxf6 Kxf6 28. Qh4+ Ke6 29. Qg4+ Kf7 30. f4 Kf8 31. fxe5+ Ke7 32. Qxg7+ Kd8 33. Rf7 Re7 34. Qf8+ 1-0

[Event "Play for Durgesh Fundraiser Blitz"]
[Site "Vishy Anand Arena"]
[Date "2020.09.19"]
[Round "3"]
[White "The_nicepencil1812"]
[Black "Kiruthi"]
[Result "0-1"]
[WhiteElo "1372"]
[BlackElo "1354"]
[Annotator "NA"]
[PlyCount "30"]
[EventDate "2020.09.19"]
[EventType "swiss (blitz)"]

1. e4 c5 2. Bc4 d6 3. Qf3 Nf6 4. d3 e6 5. Bg5 Be7 6. Bxf6 Bxf6 7. Qh5 O-O 8. Nf3 Nc6 9. Ng5 Bxg5 10. Qxg5 Qxg5 11. Nd2 Nd4 12. O-O Qxd2 13. Rfd1 Qxc2 14. Rd2 Qxd2 15. Rd1 Qxd1# 0-1

[Event "Play for Durgesh Fundraiser Blitz"]
[Site "Vishy Anand Arena"]
[Date "2020.09.19"]
[Round "3"]
[White "Pratul Rastogi"]
[Black "Manik555"]
[Result "0-1"]
[WhiteElo "1363"]
[BlackElo "1779"]
[Annotator "NA"]
[PlyCount "44"]
[EventDate "2020.09.19"]
[EventType "swiss (blitz)"]

1. e4 e5 2. Nf3 Nc6 3. Bd3 Nf6 4. Nc3 Bc5 5. O-O O-O 6. a3 d6 7. b4 Bb6 8. Na4 Bg4 9. h3 Bh5 10. Be2 Nd7 11. Nxb6 axb6 12. d4 Bxf3 13. Bxf3 Nxd4 14. Be2 f5 15. exf5 Nxf5 16. Bd3 Kh8 17. Qh5 Qf6 18. g4 g6 19. Qxf5 gxf5 20. gxf5 Rg8+ 21. Kh1 Qh4 22. Rg1 Qxh3# 0-1